000 00680nam a22001937a 4500
999 _c187552
_d187552
005 20220422170259.0
010 _aENG-132360
020 _a9789350760918
_c2500.00
035 _aEN-115892
037 _bDBAD/PUB
082 _a551.4830954
100 _aChandramouli, K
245 _aTripathagamini Ganga/
_cK. Chandramouli & Madhumita Bhattacharya
260 _aVaranasi
_bPilgrims Publishing
_c2018
270 _aB 27/98 A-8, Nawabganj Road, Durga Kund
_bVaranasi
_e221010
_k91-[542]2314060
_mpilgrimspublishingvns@gmail.com
300 _a387p.
_c25cm(hbk)
_bBibliography,Annexure
700 _aBhattacharya, Madhumita
942 _2ddc
_cEN
_h551.4830954
_mCHA